00357nam a2200145 a 450000100060000000300090000600800410001504000280005608200160008410000220010024500160012226000470013830000070018565000190019213332CO-ViMGA141112s2004 ck r 000 u spa d aCO-ViMGAbspacCO-ViMGA04aPe864 D461p1 aDi Paol, Rossella10aPiel alzada aLima : bEditorial Colmillo Blanco, c1993 a9314aPOESIA PERUANA